000 00796nam a2200193Ia 4500
008 151121s9999||||xx |||||||||||||| ||und||
082 _a342।54/विभूते
082 _bHNW-70140
100 _aविभूते भालबा
245 _aभारताचे संवि-6 संसद व राज्य विधानमंडळ
260 _b"पचार, कोल्हापूर"
260 _c--
300 _a31
600 _aविभूते भालबा
630 _aभारताचे संवि-6 संसद व राज्य विधानमंडळ
700 _aविभूते भालबा
730 _aभारताचे संवि-6 संसद व राज्य विधानमंडळ
942 _cBOOK
999 _c1251615
_d1251612